[Event "Mazowiec-chT 1819"]
[Site "Warsaw"]
[Date "2019.01.13"]
[Round "2.5"]
[White "Dabrowska, Aleksandra"]
[Black "Strzesniewska, Joanna"]
[Result "1-0"]
[WhiteElo "1400"]
[BlackElo "1443"]
[PlyCount "49"]
[EventDate "2018.12.02"]
[EventType "team-tourn"]
[EventRounds "7"]
[EventCountry "POL"]
[SourceTitle "EXT 2020"]
[Source "ChessBase"]
[SourceDate "2019.10.17"]
[SourceVersion "1"]
[SourceVersionDate "2019.10.17"]
[SourceQuality "1"]

1. c4 Nf6 2. Nc3 e6 3. g3 d5 4. cxd5 Nxd5 5. Bg2 Nxc3 6. bxc3 Bd6 7. e3 0-0 8. Ne2 Nd7 9. Bb2 Rb8 10. 0-0 c5 11. Qc2 b5 12. Rfd1 Bb7 13. e4 Nf6 14. d4 cxd4 15. Nxd4 Qb6 16. Nxb5 Bc5 17. c4 a6 18. Bxf6 axb5 19. Be5 Rbc8 20. cxb5 Qxb5 21. Rab1 Qa6 22. Qb2 Ba8 23. Bxg7 Qa7 24. Bxf8 Kxf8 25. Qh8+ 1-0

[Event "Mazowiec-chT op 1718"]
[Site "Warsaw"]
[Date "2018.02.04"]
[Round "5.14"]
[White "Strzesniewska, Joanna"]
[Black "Siekanska, Maria"]
[Result "0-1"]
[WhiteElo "1734"]
[BlackElo "1385"]
[PlyCount "88"]
[EventDate "2017.12.03"]
[EventType "team-swiss"]
[EventRounds "10"]
[EventCountry "POL"]
[SourceTitle "EXT 2020"]
[Source "ChessBase"]
[SourceDate "2019.10.17"]
[SourceVersion "1"]
[SourceVersionDate "2019.10.17"]
[SourceQuality "1"]

1. e4 c5 2. Bc4 e6 3. Nc3 d6 4. Nf3 Nf6 5. d3 Be7 6. 0-0 0-0 7. Bg5 Nc6 8. a3 a6 9. Re1 h6 10. Bh4 b5 11. Ba2 Bb7 12. Bg3 d5 13. exd5 exd5 14. d4 c4 15. Ne5 b4 16. axb4 Bxb4 17. Nxc6 Bxc6 18. Re3 Re8 19. Be5 Nd7 20. Ne2 Nxe5 21. dxe5 Bc5 22. Nd4 Qb6 23. c3 Bxd4 24. cxd4 Qxb2 25. Re2 Qb6 26. Bb1 Bd7 27. Bc2 Bg4 28. f3 Bd7 29. Ba4 Bxa4 30. Rxa4 Reb8 31. Rea2 a5 32. Qd2 Qb1+ 33. Kf2 Rb5 34. Qc2 Qxc2+ 35. Rxc2 Rb4 36. Rca2 Rxa4 37. Rxa4 Kf8 38. Ke2 Ke7 39. g4 g5 40. Kd2 f6 41. exf6+ Kxf6 42. Ra1 Ke6 43. Kc3 Rf8 44. f4 Rxf4 0-1

[Event "Wloclawek CC Classic 21st"]
[Site "Wloclawek"]
[Date "2018.??.??"]
[Round "5"]
[White "Pitula, Adam"]
[Black "Strzesniewska, Joanna"]
[Result "1/2-1/2"]
[WhiteElo "1303"]
[BlackElo "1513"]
[PlyCount "89"]
[EventDate "2018.06.??"]
[EventType "swiss"]
[EventRounds "7"]
[EventCountry "POL"]
[SourceTitle "EXT 2021"]
[Source "ChessBase"]
[SourceDate "2020.10.23"]
[SourceVersion "1"]
[SourceVersionDate "2020.10.23"]
[SourceQuality "1"]

1. d4 d5 2. Bf4 Nc6 3. Nf3 Nf6 4. h3 e6 5. e3 Be7 6. Nbd2 b6 7. Bb5 Bd7 8. 0-0 a6 9. Be2 Na5 10. c3 Bb5 11. Bxb5+ axb5 12. Re1 0-0 13. b4 Nc4 14. Nxc4 bxc4 15. Ne5 b5 16. f3 Ra6 17. a4 bxa4 18. Rxa4 Qa8 19. Rxa6 Qxa6 20. Qa1 Qb7 21. Qb2 c6 22. Ra1 Nd7 23. Nxd7 Qxd7 24. Qa3 h6 25. Qa7 Rd8 26. Qxd7 Rxd7 27. Ra8+ Kh7 28. Ra6 Bg5 29. Bxg5 hxg5 30. Kf2 Rc7 31. Kg3 f5 32. f4 Kg6 33. h4 g4 34. Kf2 Kf6 35. g3 Ke7 36. Ke2 Kd7 37. Kd2 g6 38. Ra1 Rb7 39. Ra5 Kc7 40. Kc2 Rb8 41. Ra1 Kb6 42. Kb2 Kb7 43. Kc2 Kb6 44. Kb2 Kb7 45. Kc2 1/2-1/2

[Event "EU-chT ICSC 20th"]
[Site "Liverpool"]
[Date "2011.06.10"]
[Round "3"]
[White "Strzesniewska, Joanna"]
[Black "Grudina, Marco"]
[Result "1-0"]
[WhiteElo "1718"]
[BlackElo "1891"]
[PlyCount "69"]
[EventDate "2011.06.09"]
[EventType "team-tourn"]
[EventRounds "7"]
[EventCountry "ENG"]
[SourceTitle "CBM 142 Extra"]
[Source "ChessBase"]
[SourceDate "2011.06.27"]
[SourceVersion "1"]
[SourceVersionDate "2011.06.27"]
[SourceQuality "1"]
[WhiteTeam "Otwock UKS MDK"]
[BlackTeam "Trieste"]
[WhiteTeamCountry "POL"]
[BlackTeamCountry "ITA"]

1. c4 c6 2. Nc3 Nf6 3. g3 g6 4. Bg2 Bg7 5. Nf3 0-0 6. 0-0 d5 7. cxd5 Nxd5 8. Nxd5 cxd5 9. d4 Bg4 10. h3 Bxf3 11. Bxf3 Nc6 12. e3 e6 13. Kg2 Qb6 14. Rh1 Rac8 15. h4 Nb4 16. Bd2 Rc6 17. Bxb4 Qxb4 18. b3 Rfc8 19. a3 Qc3 20. Be2 Qc2 21. Qxc2 Rxc2 22. Rhe1 Rb2 23. Bd1 Rc3 24. b4 b5 25. Re2 Rxe2 26. Bxe2 a6 27. a4 Rc2 28. axb5 axb5 29. Bxb5 Rb2 30. Ra7 Rxb4 31. Be8 e5 32. Bxf7+ Kf8 33. dxe5 Bxe5 34. Bxd5 Bg7 35. Rf7+ 1-0